000 00589nam a2200157 a 4500
001 000016383
005 20200929164412.0
008 100304s1963 dr 000 0 spa d
040 _aDO-SdBNP
_bspa
_cBNPHU
082 _axxx
_bT231s
100 1 _aTavarez Belliard, Aurora
_936531
245 1 0 _aSimiente en el camino :
_bintroducción a la literatura y lecturas para el quinto y sexto curso de la educación primaria y para la educación intermedia /
_cAurora Tavarez Belliard.
260 _aSantiago, República Dominicana
_fL. H. Cruz
_c1963.
300 _a256 p. ;
_c24 cm.
049 _aBNPD
999 _c15918
_d15918